Statistics for WCW championshp history (1991 - 2001)

Click here to take the quiz!

General Stats

  • This quiz has been taken 258 times
  • The average score is 55 of 62

Answer Stats

Date WonDate LostName% Correct
Apr 20, 1998Jul 6, 1998Hollywood Hogan
100%
Aug 9, 1997Dec 28, 1997Hollywood Hogan
100%
Jan 4, 1999Mar 14, 1999Hollywood Hogan
100%
Jul 12, 1999Sep 12, 1999Hollywood Hogan
100%
Jul 17, 1994Oct 29, 1995Hulk Hogan
99%
May 9, 1999Jul 11, 1999Kevin Nash
98%
Dec 27, 1998Jan 4, 1999Kevin Nash
98%
Aug 28, 2000Sep 17, 2000Kevin Nash
98%
Jan 25, 2000Jan 25, 2000Kevin Nash
98%
May 23, 2000May 29,2000Kevin Nash
98%
May 15, 2000Vacated (may 22, 2000)Ric Flair
97%
Dec 27, 1993Vacated ( apr 17,1994)Ric Flair
97%
Apr 21, 1994Jul 17, 1994Ric Flair
97%
Dec 27, 1995Jan 22, 1996Ric Flair
97%
Feb 11, 1996Apr 22, 1996Ric Flair
97%
Mar 14, 1999Apr 11, 1999Ric Flair
97%
Jan 11, 1991Jul 14, 1991Ric Flair
97%
May 29, 2000May 29, 2000Ric Flair
97%
Apr 26, 1999Apr 26, 1999Sting
96%
Feb 29, 1992Jul 12, 1992Sting
96%
Mar 11, 1993Mar 17, 1993Sting
96%
Dec 28, 1997Vacated (jan 8, 1998)Sting
96%
Feb 22, 1998Apr 19, 1998Sting
96%
Sep 12, 1999Vacated (oct 25, 1999)Sting
96%
Oct 2, 2000Nov 26,2000Booker T
93%
Jul 30, 2001Aug 19, 2001Booker T
93%
Mar 26, 2001Jul 24, 2001Booker T
93%
July, 6 1998Dec 27, 1998Goldberg
93%
Sep 17,2000Sep 25,2000Booker T
93%
Jul 9,2000Aug 28, 2000Booker T
93%
Oct 21, 2001Nov 5, 2001Chris Jericho
89%
Dec 9, 2001Unified w/ wwf championshipChris Jericho
89%
Jan 22, 1996Feb 11, 1996Randy Savage
88%
Apr 19, 1998Apr 20, 1998Randy Savage
88%
Jul 11, 1999Jul 12, 1999Randy Savage
88%
Nov 26, 1995Dec 27, 1995Randy Savage
88%
Apr 24, 2000Apr 25, 2000Diamond Dallas Page
87%
Nov 26, 2000Mar 26,2001Scott Steiner
87%
Apr 26, 1999May 9, 1999Diamond Dallas Page
87%
Apr 11, 1999Apr 26, 1999Diamond Dallas Page
87%
Nov 21, 1999Vacated (dec 20, 1999Bret Hart
86%
Dec 20, 1999Vacated (jan 16, 2000)Bret Hart
86%
Jul 14, 1991Feb 29, 1992Lex Luger
84%
Aug 4, 1997Aug 9, 1997Lex Luger
84%
Nov 5, 2001Dec 9, 2001The Rock
84%
Aug 19, 2001Oct 21, 2001The Rock
84%
Jan 16, 2000Vacated (jan 17, 2000)Chris Benoit
83%
May 7, 2000May 15, 2000Jeff Jarrett
82%
Apr 25, 2000May 7, 2000David Arquette
82%
Apr 16, 2000Apr 24, 2000Jeff Jarrett
82%
Oct 29, 1995Vacated (nov 6, 1995)The Giant
82%
Apri 22, 1996Aug 4, 1997The Giant
82%
May 29,2000Jul 9, 2000Jeff Jarrett
82%
May 22, 2000May 23, 2000Jeff Jarrett
82%
Mar 17, 1993Dec 27, 1993Big Van Vader
81%
Dec 30, 1992Mar 11, 1993Big Van Vader
81%
Jul 12, 1992Aug 2, 1992Big Van Vader
81%
Sep 25,2000Vacated (oct 2, 2000)Vince Russo
73%
Jan 24, 2000Vacted (jan, 25 2000)Sid Viscious
71%
Jan 25, 2000Vacated ( apr 10, 2000)Sid Viscious
70%
Jul 24,2001Jul 30, 2001Kurt Angle
67%
Aug 2, 1992Dec 30, 1992Ron Simmons
66%

Score Distribution

Percentile by Number Answered

Percent of People with Each Score

Your Score History

You have not taken this quiz